| 000 | 00490nam a2200181Ia 4500 | ||
|---|---|---|---|
| 008 | 240925s9999 xx 000 0 und d | ||
| 020 | _a8184312601 | ||
| 082 | _a005.43 DHO | ||
| 100 | _aDhotre ,Iresh A. | ||
| 245 | 0 | _aOperating Systems | |
| 250 | _aNA | ||
| 260 |
_aPune: _bTechnical Publications _c,2007. |
||
| 300 |
_axxxv,668p. _bN.A _fPhotocopy |
||
| 500 | _aIncludes Index | ||
| 600 | _aComputer Science | ||
| 650 | _aComputer science, information & general works | ||
| 942 | _cBK | ||
| 999 |
_c10611 _d10611 |
||